| 000 -ლიდერი |
| ფიქსირებული სიგრძის საკონტროლო ველი |
01644nam a22002417a 4500 |
| 003 - საკონტროლო ნომრის იდენტიფიკატორი |
| საკონტროლო ველი |
Ge_BSU |
| 005 - ბოლო ოპერაციის თარიღი და დრო |
| საკონტროლო ველი |
20220721123533.0 |
| 008 - ფიქსირებული სიგრძის მონაცემთა ელემენტები - ზოგადი ინფორმაცია |
| ფიქსირებული სიგრძის საკონტროლო ველი |
220721s2018ge xxu||||| |||| 00| 0 geo d |
| 020 ## - წიგნის საერთაშორისო სტანდარტული ნომერი |
| International Standard Book Number |
9789941254642 |
| 041 ## - ენის კოდი |
| Language code of text/sound track or separate title |
geo |
| 080 ## - უნივერსალური ათობითი კლასიფიკაციის ინდექსი |
| Universal Decimal Classification number |
821.353.1.09-31 ძ-70 |
| 100 ## - მთავარი ჩანაწერი - პიროვნების სახელი |
| Personal name |
ძნელაძე, სოფიკო. |
| 9 (RLIN) |
14458 |
| 245 ## - ცნობა სათაურის შესახებ |
| Title |
პოსტმოდერნისტული ტენდენციები თანამედროვე ქართულ რომანში =The postmodernist trends in the modern georgian novel / |
| Remainder of title |
სოფიკო ძნელაძე ; რედ. თამარ პაიჭაძე. |
| 264 ## - წარმოების, გამოცემის, დისტრიბუციის და სხვა ცნობები |
| გამოცემის, წარმოების, დისტრიბუციის... ადგილი |
თბილისი : |
| გამოცემის, წარმოების, დისტრიბუციის... სახელწოდება |
მერიდიანი, |
| გამოცემის, წარმოების, დისტრიბუციის... თარიღი |
2018. |
| 300 ## - ფიზიკური აღწერა |
| Extent |
280 გვ. ; |
| Dimensions |
20 სმ. |
| 504 ## - BIBLIOGRAPHY, ETC. NOTE |
| Bibliography, etc |
ბიბლიოგრაფია: გვ. 268-278. |
| 520 ## - SUMMARY, ETC. |
| Summary, etc |
რეზიუმე ინგლისურ ენაზე. |
| 653 ## - INDEX TERM--UNCONTROLLED |
| Uncontrolled term |
ლიტერატურის ისტორია და კრიტიკა -- ქართული პროზა |
| 653 ## - INDEX TERM--UNCONTROLLED |
| Uncontrolled term |
პოსტმოდერნიზმი ლიტერატურაში. |
| 700 ## - ADDED ENTRY--PERSONAL NAME |
| Personal name |
პაიჭაძე, თამარ |
| Relator term |
რედაქტორი |
| 9 (RLIN) |
5669 |
| 710 ## - ADDED ENTRY--CORPORATE NAME |
| Corporate name or jurisdiction name as entry element |
ივანე ჯავახიშვილის სახელობის თბილისის სახელმწიფო უნივერსიტეტი, ჰუმანიტარულ მეცნიერებათა ფაკულტეტი, ქართული ლიტერატურის ინსტიტუტი |
| 9 (RLIN) |
14459 |
| 942 ## - ADDED ENTRY ELEMENTS (KOHA) |
| Source of classification or shelving scheme |
|
| Koha item type |
წიგნი |